000 00861nam a2200265 a 4500
999 _c1912
_d1912
003 OSt
005 20190621133200.0
008 131028s1995 sz ||||| |||| 00| 0 eng d
020 _a92-4-157165-9
040 _cBiblioteca Medicina
041 _aeng
082 _aOMS QV 292
110 _aOrganizacion Mundial de la Salud
_91006
245 0 0 _aEnvironmental Health Criteria 165: Inorganic Lead
250 _a1º ed.
260 _aGinebra
_bOrganizacion Mundial de la Salud
_c1995
300 _a300 p.
440 0 0 _ainternational Programme on Chemical Safety
_92782
500 _aBaja Depósito Caja 31 Junio 2019
546 _aTexto en ingles, resumen y conclusion en español
653 _aPLOMO-EFECTOS ADVERSOS
653 _aEXPOSICION A RIESGOS AMBIENTALES
856 _yhttp://www.who.int/ipcs/publications/ehc/en/index.html
942 _2ddc
_cPH